Constructing Foreign Policy vis-à-vis the Migration Crisis: the Czech and Slovak Cases

Teória sekuritizácie a zahraničná politika. Bezpečnosť a migrácia v strednej Európe. Analýza českej a slovenskej sekuritizácie migrácie. Sociálne a politické aspekty sekuritizácie. Hierarchia inakosti.

Salvato in:
Dettagli Bibliografici
Autore principale: Tabosa, Clarissa
Natura: Capitolo di libro
Lingua:inglese
Soggetti:
Tags: Aggiungi Tag
Nessun Tag, puoi essere il primo ad aggiungerne!!

MARC

LEADER 00000naa a2200000 4500
001 0267125
005 20240722120048.2
041 0 |a eng 
044 |a CZ 
245 1 0 |a Constructing Foreign Policy vis-à-vis the Migration Crisis: the Czech and Slovak Cases  |c Clarissa Tabosa 
520 |a Teória sekuritizácie a zahraničná politika. Bezpečnosť a migrácia v strednej Európe. Analýza českej a slovenskej sekuritizácie migrácie. Sociálne a politické aspekty sekuritizácie. Hierarchia inakosti. 
610 2 0 |a politika zahraničná 
610 2 0 |a politika medzinárodná 
610 2 0 |a vzťahy medzinárodné 
610 2 0 |a migrácia 
610 2 0 |a kríza migračná 
610 2 0 |a bezpečnosť 
610 2 0 |a Slovensko 
610 2 0 |a Česko 
610 2 0 |a Európska únia 
100 1 |a Tabosa, Clarissa